000 00464nam a22001817a 4500
003 MPLRDC
005 20220104175428.0
008 210129b ||||| |||| 00| 0 eng d
020 _a983-62-1664-2
082 _a524.963 RAM v.4 1990
100 _aMOHD. DAHALAN BIN MOHD. RAMLI
245 _aBAHASA MELAYSIA TINGKATAN 4
_c
250 _a第一版
260 _a
_bDEWAN BAHASA DAN PUS
_c1990
300 _b
650 _a
942 _cBK
_o524.963 RAM v.4 1990
999 _c60373
_d60363